LEADER 01646nam a2200361 a 4500 001 000000056059 003 CaOOAMICUS 005 20130715130531.0 008 010328s1971 it cf u000 u ita r 035 $a10870423 040 $aPUL$bita 082 04$a340 100 1 $aBetti, Emilio,$d1890-1968.$0(OLS)http://pul/name/2725 245 10$aInterpretazione della legge e degli atti giuridici :$b(teoria generale e dogmatica) /$cEmilio Betti. 250 $a2.ed. riveduta e ampliata a cura di Giuliano Crifò. 260 $aMilano :$bGiuffrè,$c1971. 300 $a500 p., [1] p. di tav. :$britr. ;$c24 cm 504 $aBibliografia in nota. 650 4$aDiritto$xCritica e interpretazione.$0(OLS)http://pul/subject/16541 650 4$aFilosofia del diritto.$0(OLS)http://pul/subject/620 650 4$aLeggi$xInterpretazione.$0(OLS)http://pul/subject/39751 700 1 $aCrifò, Giuliano.$0(OLS)http://pul/name/22780 850 $aPUL 852 $aPUL$W1$xSL Diritto e Scienze Sociali 1$y4$m237 C 71$j73602$nBK-PRI$b $qStampati$B73602$CPULBib$Z2$F73602 $H $81 852 $aPUL$W1$xSL Diritto e Scienze Sociali 3$y79$m340 BETEM 1$j155284$a2. copia$qDDC 21$B154822$CPULBib$Z2$F154822 $H122671 $82 941 1 $a8 941 1 $a9 960 $aDiritto$xFilosofia$9620 961 $aINV: 134 996 $6082$a340$9(OLS)http://pul/classification/419 996 $6245$aInterpretazione della legge e degli atti giuridici :$b(teoria generale e dogmatica)$9(OLS)http://pul/title/75008 996 $6260$aMilano :$bGiuffrè$9(OLS)http://pul/publisher/48401 LEADER 01145nam a2200277 u 4500 001 000000079282 003 CaOOAMICUS 005 20070226123525.0 008 040528s1995 it u000 u ita u 035 $a10997229 040 $aPUL$bita 100 1 $aBertin, Giovanni Maria,$d1912-$0(OLS)http://pul/name/5647 245 10$aEducazione alla ragione :$blezioni di pedagogia generale /$cGiovanni M. Bertin. 260 $aRoma :$bA. Armando,$c1995. 300 $a287 p. ;$c24 cm 490 1 $aI problemi dell'educazione 500 $aIndice in appendice. 504 $aBibliografia in nota. 650 4$aPedagogia.$0(OLS)http://pul/subject/1507 650 4$aEducazione.$0(OLS)http://pul/subject/4579 830 2$aI problemi dell'educazione.$0(OLS)http://pul/title/69512 850 $aPUL 852 $aPUL$W1$xSL Diritto e Scienze Sociali 3$y79$m370 BERGI 1$j120266$nBK-PRI$qDDC 21$q $B101485$CPULBib$Z2$F101485 $H95205 $81 941 1 $a9 996 $6245$aEducazione alla ragione :$blezioni di pedagogia generale$9(OLS)http://pul/title/103803 996 $6260$aRoma :$bA. Armando$9(OLS)http://pul/publisher/50895